| 000 | 01288cad a22002175a 4500 | ||
|---|---|---|---|
| 001 | L156561 | ||
| 008 | 120608s2012 xxk 000 0 eng d | ||
| 035 | _a(Sirsi) u156561 | ||
| 041 | 0 | _aeng | |
| 110 | 2 | _aCBRE | |
| 245 | 0 | 0 |
_aHong Kong offices marketview Q1 2012 _h[electronic resource] |
| 260 |
_aHong Kong _bCBRE _c2012 |
||
| 490 | 0 |
_aCBRE Hong Kong Offices Marketview _vQ1 2012 1 June 2012 |
|
| 520 | _aThe Hong Kong office market has been hit by weaker economic growth and job losses in the financial sector. Vacancy levels continued downwards in Q1 but downsizing and non-renewal of leases at expiry will force vacancy rates upwards once more. Kowloon has been the most stable area for rents. Landlords in central areas are more willing to offer discounts to secure tenants. The remainder of 2012 should offer occupiers further opportunities as cheaper rents become available. | ||
| 520 | _aQuick stats -- overview -- Hong Kong Island -- Kowloon -- selected leasing transactions in Q1 2012 -- selected office supply -- CBRE rental growth -- terminology. | ||
| 590 | _aNTK KA | ||
| 651 | 4 | _aHong Kong | |
| 690 |
_aCommercial property _96227 |
||
| 856 | 4 | 0 |
_uhttps://www.cbre.eu/portal/pls/portal/res_rep.show_report?report_id=1855 _zView the report at www.cbre.eu |
| 942 | _n0 | ||
| 999 |
_c84079 _d84079 |
||